000 00986nam a2200253 a 4500
005 20090615112228.0
008 060724s2005 ii b 101 0 eng
010 _aENG-94000
020 _a9788171640874
_c800.00
035 _aEN-77533
037 _bDBAD / PUB
040 _adpl
_bEnglish
082 _a636.0896075
245 _aTextbook of clinical veterinary medicine /
_cedited by M.C. Sharma, Mahesh Kumar [and] R.D. Sharma
260 _aNew Delhi
_bIndina Council of Agricultural Research
_c2009
270 _aKrishi Anusandhan Bhavan, Pusa
_bNew Delhi
_e110012
300 _avi, 667p.
_c25cm(Hb)
650 _aVeterinary medicine
_xDiagnosis
700 _aSharma, M.C.
700 _aMahesh Kumar
700 _aSharma, R.D.
942 _2ddc
_cEN
_mTEX
_h636.0896075
999 _c27443
_d27443